Score 0/15 Timer 05:00
1 Play Today
% Correct
acronym
89.1%
pseudonym
88.4%
antonym
85.1%
synonym
83.6%
patronym
77.5%
retronym
74.3%
homonym
73.4%
mononym
63.5%
% Correct
eponym
55.8%
contronym
55.6%
demonym
51.9%
heteronym
41.9%
exonym
39%
hyponym
33.3%
metonym
32.2%

You're not logged in!

Compare scores with friends on all Sporcle quizzes.
OR
Log In

Sporcle TV

Today on Sporcle TV


Watch our educational content, quiz creation guides, and fun videos on Sporcle TV.

Show Comments

Extras

Top Quizzes Today


Score Distribution

Your Account Isn't Verified!

In order to create a playlist on Sporcle, you need to verify the email address you used during registration. Go to your Sporcle Settings to finish the process.

Report this User

Report this user for behavior that violates our Community Guidelines.

Details: